Catálogo público

Estudio técnico ingenieril de Productos Pesqueros de Mazatlán S. A. de C. V. / (Record no. 176570)

MARC details
000 -CABECERA
campo de control de longitud fija 01701nam a2200409Ia 4500
001 - NÚMERO DE CONTROL
campo de control dia_5645
003 - IDENTIFICADOR DEL NÚMERO DE CONTROL
campo de control CHAP
005 - FECHA Y HORA DE LA ÚLTIMA TRANSACCIÓN
campo de control 20240214185231.0
007 - CAMPO FIJO DE DESCRIPCIÓN FÍSICA--INFORMACIÓN GENERAL
campo de control de longitud fija ta
008 - DATOS DE LONGITUD FIJA--INFORMACIÓN GENERAL
campo de control de longitud fija 220117s1998 mx e fr 001 0 spa d
040 ## - FUENTE DE LA CATALOGACIÓN
Centro/agencia transcriptor CHAP
Centro catalogador/agencia de origen mxchpua
090 ## - LOCALMENTE ASIGNADO TIPO-LC NÚMERO DE CLASIFICACIÓN (OCLC); NÚMERO DE CLASIFICACIÓN LOCAL (RLIN)
Número de clasificación (OCLC) (R) ; Numero de clasificación, CALL (RLIN) (NR) T.C.250
Número cutter local (OCLC) ; Número de libro/Signatura topográfica íntegra, CALL (RLIN) B38 ETIPA
Año 1998
245 10 - MENCIÓN DE TÍTULO
Título Estudio técnico ingenieril de Productos Pesqueros de Mazatlán S. A. de C. V. /
Mención de responsabilidad, etc. coordinador Marco Vinicio Bañuelos Gudiño ; colaboradores Alipio Arciniega López...[et al.]
260 ## - PUBLICACIÓN, DISTRIBUCIÓN, ETC.
Lugar de publicación, distribución, etc. México :
Nombre del editor, distribuidor, etc. El autor,
Fecha de publicación, distribución, etc. 1998
300 ## - DESCRIPCIÓN FÍSICA
Extensión cerca 100 hojas :
Otras características físicas diagramas, tablas, planos
336 ## - TIPO DE CONTENIDO
Fuente rdacontent
Término de tipo de contenido texto
Código de tipo de contenido txt
337 ## - TIPO DE MEDIO
Fuente rdamedia
Nombre/término del tipo de medio sin medio
Código del tipo de medio n
338 ## - TIPO DE SOPORTE
Fuente rdacarrier
Nombre/término del tipo de soporte volumen
Código del tipo de soporte nc
500 ## - NOTA GENERAL
Nota general El ejemplar 2 no contiene planos<br/>7° año
502 ## - NOTA DE TESIS
Nota de tesis Viaje de Estudios
Tipo de título (ETIPA) --
Nombre de la institución que otorga el título UACh. Departamento de Ingeniería Agroindustrial,
Año de obtención del título 1998
504 ## - NOTA DE BIBLIOGRAFÍA, ETC.
Nota de bibliografía, etc. Bibliografía: hoja 53
505 ## - NOTA DE CONTENIDO CON FORMATO
Nota de contenido con formato 4 planos -- <br/>1. Plano de distribución de áreas -- <br/>2. Plano de servicios de la planta enlatadora de atún Nair -- <br/>3. D. T. I. del área de descongelado (Esc. 1:50) -- <br/>4. Diagrama de flujo planta enlatadora de atún
650 13 - PUNTO DE ACCESO ADICIONAL DE MATERIA--TÉRMINO DE MATERIA
Término de materia o nombre geográfico como elemento de entrada Atún
9 (RLIN) 8265
650 13 - PUNTO DE ACCESO ADICIONAL DE MATERIA--TÉRMINO DE MATERIA
Término de materia o nombre geográfico como elemento de entrada Atún enlatado
9 (RLIN) 159113
650 13 - PUNTO DE ACCESO ADICIONAL DE MATERIA--TÉRMINO DE MATERIA
Término de materia o nombre geográfico como elemento de entrada Industria pesquera
9 (RLIN) 151441
Subdivisión geográfica México
-- Sinaloa
650 13 - PUNTO DE ACCESO ADICIONAL DE MATERIA--TÉRMINO DE MATERIA
Término de materia o nombre geográfico como elemento de entrada Fish industry
9 (RLIN) 157067
Subdivisión geográfica Mexico
-- Sinaloa
650 13 - PUNTO DE ACCESO ADICIONAL DE MATERIA--TÉRMINO DE MATERIA
Término de materia o nombre geográfico como elemento de entrada Tuna
9 (RLIN) 115544
700 1# - PUNTO DE ACCESO ADICIONAL--NOMBRE DE PERSONA
Nombre de persona Bañuelos Gudiño, Mario Marco Vinicio
9 (RLIN) 156618
Término indicativo de función/relación coordinador
700 1# - PUNTO DE ACCESO ADICIONAL--NOMBRE DE PERSONA
Nombre de persona Arciniega López, Alipio
9 (RLIN) 6830
Término indicativo de función/relación colaborador
942 ## - ELEMENTOS DE PUNTO DE ACCESO ADICIONAL (KOHA)
Fuente del sistema de clasificación o colocación Clasificación Universidad Autónoma de Chapingo
901 ## - ELEMENTOS DE DATOS A LOCAL LDA (RLIN)
a T.C.250 B38 ETIPA 1998
902 ## - ELEMENTOS DE DATOS B LOCAL, LDB (RLIN)
a M
905 ## - ELEMENTOS DE DATOS E LOCAL, LDE (RLIN)
a 5332271998 mx en 8223113322spa16
942 ## - ELEMENTOS DE PUNTO DE ACCESO ADICIONAL (KOHA)
Tipo de ítem Koha Viaje de Estudios
Holdings
Estado de retiro Estado de pérdida Fuente del sistema de clasificación o colocación Estado dañado Restricciones de uso No para préstamo Código de colección Localización permanente Ubicación/localización actual Fecha de adquisición Fuente de adquisición Total de préstamos Signatura topográfica completa Código de barras Fecha visto por última vez Número de copia Precio válido a partir de Tipo de ítem Koha
    Clasificación Universidad Autónoma de Chapingo   Préstamo 5 días   Viajes de Estudio Ingenieria Agroindustrial Ingenieria Agroindustrial 18/01/2022 El autor   T.C.250 B38 ETIPA 1998 1106008337 26/01/2026 Ej. 2 18/01/2022 Viaje de Estudios
    Clasificación Universidad Autónoma de Chapingo   Préstamo interno   Viajes de Estudio Ingenieria Agroindustrial Ingenieria Agroindustrial 18/01/2022 El autor   T.C.250 B38 ETIPA 1998 1106008336 26/01/2026 Ej. 1 18/01/2022 Viaje de Estudios